Letras de abecedario dos veces - Estadísticas

Estadísticas generales
  • Esta prueba ha sido intentada 86 veces
  • La puntuación promedio es 48 de 54
Estadísticas de respuestas
Respuesta % Correcto
A
100%
A
100%
B
95%
B
95%
E
95%
E
95%
F
95%
F
95%
C
93%
C
93%
D
93%
D
93%
G
93%
G
93%
H
93%
H
93%
I
93%
I
93%
J
93%
J
93%
M
93%
M
93%
N
93%
N
93%
Ñ
93%
Ñ
93%
K
90%
K
90%
L
90%
L
90%
O
88%
O
88%
P
88%
P
88%
Q
88%
Q
88%
T
88%
T
88%
U
88%
U
88%
R
86%
R
86%
W
86%
W
86%
S
81%
S
81%
Y
81%
Y
81%
Z
81%
Z
81%
V
76%
V
76%
X
76%
X
76%
No se encontraron pruebas coincidentes
Distribución de puntuación
Porcentaje de gente con cada puntuación
Porcentaje por número respondido
Historial de tus puntuaciones
No has intentado esta prueba.